Los plebeyos ensayan la rebelión (Record no. 75442)

MARC details
000 -LEADER
campo de control de longitud fija 00778nam a2200229 i 4500
001 - NÚMERO DE CONTROL
campo de control 75442
003 - IDENTIFICADOR DE NÚMERO DE CONTROL
campo de control ES-MaACL
005 - FECHA Y HORA DE LA ÚLTIMA TRANSACCIÓN
campo de control 20250824065255.0
007 - CAMPO FIJO DE DESCRIPCIÓN FÍSICA--INFORMACIÓN GENERAL
campo de control de longitud fija t|
008 - DATOS DE LONGITUD FIJA--INFORMACIÓN GENERAL
campo de control de longitud fija 040924s1969 sp ||||1| spa d
100 1# - ENTRADA PRINCIPAL--NOMBRE DE PERSONA
Nombre de persona Grass, Günter.
9 (RLIN) 59693
245 14 - MENCIÓN DEL TÍTULO
Título Los plebeyos ensayan la rebelión
Resto del título : (una tragedia alemana) /
Mención de responsabilidad, etc. Günter Grass ; traducción de Heleno Saña Alcón.
260 ## - PUBLICACIÓN, DISTRIBUCIÓN, ETC.
Lugar de publicación, distribución, etc. Madrid :
Nombre del editor, distribuidor, etc. Cuadernos para el Diálogo,
Fecha de publicación, distribución, etc. 1969.
300 ## - DESCRIPCIÓN FÍSICA
Extensión 163 p. ;
Dimensiones 18 cm.
490 1# - MENCIÓN DE SERIE
Mención de serie Libros de teatro ;
Designación de volumen o secuencia 14
700 1# - ENTRADA AGREGADA--NOMBRE PERSONAL
Nombre de persona Saña, Heleno,
Fechas asociadas al nombre 1930-
9 (RLIN) 103701
710 2# - ENTRADA AGREGADA--NOMBRE DE ENTIDAD CORPORATIVA
Nombre de entidad corporativa o nombre de jurisdicción como elemento de entrada Cuadernos para el Diálogo.
9 (RLIN) 3333
830 10 - PUNTO DE ACCESO ADICIONAL DE SERIE-TÍTULO UNIFORME
Título uniforme Libros de teatro (Cuadernos para el Diálogo)
Designación de volumen o secuencia 14
9 (RLIN) 180757
852 ## - LOCALIZACIÓN
Ubicación ES-MaACL
Número de control de estantería C-40656
852 ## - LOCALIZACIÓN
Ubicación ES-MaACL
Número de control de estantería A-9851
Holdings
Estatus retirado Estado de pérdida Estado de daño No para préstamo Biblioteca de origen Biblioteca actual Ubicación en estantería Fecha de adquisición Fuente de adquisición Total de préstamos Signatura topográfica completa Código de barras Visto por última vez Precio de reemplazo Tipo de ítem Koha
        Biblioteca del Ateneo de Madrid Biblioteca del Ateneo de Madrid Depósito 1 17/01/2008     A-9851 1078964 23/02/2023 23/02/2023 Libro impreso
        Biblioteca del Ateneo de Madrid Biblioteca del Ateneo de Madrid Depósito 2 17/01/2008     C-40656 1078963 23/02/2023 23/02/2023 Libro impreso